00710nam a2200205Ia 4500008004100000050001400041050001500055100002600070245009800096245010300194260003100297260001000328260001000338300001500348300002600363300001100389500005600400650002600456650002200482150520s9999 xx 000 0 und d aRC 488.5  b.H378 2015 aHartsock, Frishia SD. aCoping ability as indicator of experiential learning of Filipino-American nursing students /  cFrishia SD. Hartsock, Marian Andrea C. Maddela, Vilma B. Punsalan, Francesca Louise O. Sebastian . aLas Piñas, Philippines : bSISC, c2015. a90 pages : bcolor illustrations ; c28 cm. aIncludes bibliographical references and appendices. aExperiential Learning xFilipino-American